Mechanics of Materials 2nd (Record no. 244916)

MARC details
000 -LEADER
fixed length control field 00358pam a2200145 a 4500
020 ## - INTERNATIONAL STANDARD BOOK NUMBER
International Standard Book Number 978-81-239-0894-6
Terms of availability
041 ## - LANGUAGE CODE
Language code of original
082 ## - DEWEY DECIMAL CLASSIFICATION NUMBER
Classification number 658.7
100 ## - MAIN ENTRY--PERSONAL NAME
Personal name Timoshenko G
Relator term Author
245 ## - TITLE STATEMENT
Title Mechanics of Materials 2nd
Statement of responsibility, etc. Timoshenko G
Medium Textual Documents
250 ## - EDITION STATEMENT
Edition statement 2nd ED
260 ## - PUBLICATION, DISTRIBUTION, ETC.
Name of publisher, distributor, etc. CBS Pub. & Dist. Pvt. Ltd.
Date of publication, distribution, etc. 2004
300 ## - PHYSICAL DESCRIPTION
Extent 762
930 ## - EQUIVALENCE OR CROSS-REFERENCE-UNIFORM TITLE HEADING [LOCAL, CANADA]
Uniform title 848
Holdings
Withdrawn status Lost status Damaged status Not for loan Collection Home library Current library Date acquired Source of acquisition Cost, normal purchase price Total Checkouts Full call number Barcode Date last seen Copy number Price effective from Koha item type
          College of Engineering, Lavale, Pune College of Engineering, Lavale, Pune 01/01/1900 BMSGB Pune 330.00   658.7 ECL-07834 03/04/2023 3 03/04/2023 Book
          College of Engineering, Lavale, Pune College of Engineering, Lavale, Pune 01/01/1900 BMSGB Pune 330.00   658.7 ECL-07833 03/04/2023 2 03/04/2023 Book
          College of Engineering, Lavale, Pune College of Engineering, Lavale, Pune 01/01/1900 BMSGB Pune 330.00   658.7 ECL-07832 03/04/2023 1 03/04/2023 Book